[Event "Mogi das Cruzes op 06"]
[Site "Mogi das Cruzes"]
[Date "2012.06.23"]
[Round "3"]
[White "Tsutomu Saito, Inolio"]
[Black "Caporale, Giuseppe Guido"]
[Result "0-1"]
[WhiteElo "1800"]
[BlackElo "1783"]
[PlyCount "36"]
[EventDate "2012.06.22"]
[EventType "swiss"]
[EventRounds "6"]
[EventCountry "BRA"]
[SourceTitle "CBM 149 Extra"]
[Source "ChessBase"]
[SourceDate "2012.08.24"]
[SourceVersion "1"]
[SourceVersionDate "2012.08.24"]
[SourceQuality "1"]

1. e4 c5 2. Nf3 d6 3. d4 cxd4 4. Nxd4 Nf6 5. Nc3 a6 6. Bg5 e6 7. f4 b5 8. e5 dxe5 9. fxe5 Qc7 10. Qe2 Nfd7 11. 0-0-0 Bb7 12. Nxe6 fxe6 13. Bf4 Nb6 14. Rd6 Bxd6 15. exd6 Qf7 16. Qg4 0-0 17. Be5 N8d7 18. Bd4 b4 0-1